Evropská jižní observatoř a česká astronomie

Bibliographic Details
Main Author: Hadrava, Petr, 1951- (Author)
Other Authors: Žallmannová, Eva (Translator)
Format: Book
Language:Czech
English
PhysicalDescription:125 s. fotogr. 27 cm
Published: Praha Academia 2006
ISBN:8020014357
Edition:1. vyd.
Subjects:

MARC

LEADER 00000cam a2200000 a 4500
001 vtls008945319
003 SK-MaSNL
005 20260426000434.0
008 240318s2006 xr o f 000 0 cze
020 |a 8020014357  |q (viaz.) 
040 |a SNK  |b slo  |c SNK  |e AACR2 
041 0 |a cze  |a eng 
043 |a e------  |a e-xr--- 
044 |a xr  |c CZ 
072 7 |a 52  |x Astronómia. Geodézia  |2 konspekt 
080 |a 001:061  |2 2001 
080 |a (437.3)  |2 2001 
080 |a (048.8)  |2 2001 
080 |a 52  |2 2001 
080 |a 520.8  |2 2001 
080 |a (4)  |2 2001 
100 1 |a Hadrava, Petr,  |d 1951-  |4 aut  |9 98376 
245 1 0 |a Evropská jižní observatoř a česká astronomie  |c Petr Hadrava 
246 1 1 |a European Southern Observatory and Czech astronomy 
250 |a 1. vyd. 
260 |a Praha  |b Academia  |c 2006 
300 |a 125 s.  |b fotogr.  |c 27 cm 
546 |a Súbežný názov a text v angl. 
610 2 7 |a European Southern Observatory  |2 SNKKA  |9 557840 
650 0 7 |a vedecké inštitúcie a organizácie  |2 SNKPH  |9 71697 
650 0 7 |a astronómia  |2 SNKPH  |9 730 
650 0 7 |a astronomické pozorovania  |2 SNKPH  |9 2653 
650 0 7 |a Astronomy  |2 SNKPHeng  |9 267729 
650 0 7 |a Astronomical observations  |2 SNKPHeng  |9 274636 
650 0 7 |a Scientific institutions and organizations  |2 SNKPHeng  |9 268179 
651 7 |a Európa  |2 SNKPH  |9 167569 
651 7 |a Česko  |2 SNKPH  |9 16753 
651 7 |a Europe  |2 SNKPHeng  |9 56249 
651 7 |a Czechia  |2 SNKPHeng  |9 170107 
655 7 |a monografie  |2 SNKPH  |9 70139 
655 7 |a Monographs  |2 SNKPHeng  |9 120675 
700 1 |a Žallmannová, Eva  |4 trl  |9 557841 
919 |a 80-200-1435-7 
999 |c 855776  |d 857706 
952 |a SNK  |b SNK  |y PREZ  |7 0  |p 17A1159610  |o snkIB 73015  |i snk2015/17925  |8 2  |g 12.68  |0 0  |1 0  |4 0  |d 2015-05-04  |l 0  |r 2026-02-24 04:55:48  |w 2026-02-24